Ethics and accountability in governance & redressal of public grievances - the Indian experience (Record no. 511611)
[ view plain ]
| 000 -LEADER | |
|---|---|
| fixed length control field | 00343nam a2200097 4500 |
| 082 ## - DEWEY DECIMAL CLASSIFICATION NUMBER | |
| Classification number | B3x54 In2/2019 |
| 100 ## - MAIN ENTRY--PERSONAL NAME | |
| Personal name | India. Department of Administrative Reforms & Public Grievances |
| 9 (RLIN) | 11600 |
| 245 ## - TITLE STATEMENT | |
| Title | Ethics and accountability in governance & redressal of public grievances - the Indian experience |
| 260 ## - PUBLICATION, DISTRIBUTION, ETC. (IMPRINT) | |
| Place of publication, distribution, etc | 2019 |
| Name of publisher, distributor, etc | The author |
| 300 ## - PHYSICAL DESCRIPTION | |
| Extent | 25p. |
| Withdrawn status | Lost status | Source of classification or shelving scheme | Damaged status | Koha normalized classification for sorting | Not for loan | Permanent location | Current location | Date acquired | Total Checkouts | Full call number | Barcode | Date last seen | Date last borrowed | Price effective from | Koha item type |
|---|---|---|---|---|---|---|---|---|---|---|---|---|---|---|---|
| B_3X54_IN2_2019_000000000000000 | Indian Institute of Public Administration | Indian Institute of Public Administration | 2019-09-27 | 1 | B3x54 In2/2019 | GG34705 | 2020-10-07 | 2020-09-14 | 2019-09-27 | GG |
